[Event "Schwarzach op-B"]
[Site "Schwarzach"]
[Date "1997.08.30"]
[Round "8.4"]
[White "Hattinger, Walter"]
[Black "Walkner, Karl"]
[Result "0-1"]
[WhiteElo "1715"]
[BlackElo "1849"]
[PlyCount "56"]
[EventDate "1997.08.23"]
[EventType "swiss"]
[EventRounds "9"]
[EventCountry "AUT"]
[SourceTitle "EXT 1999"]
[Source "ChessBase"]
[SourceDate "1998.11.16"]
[SourceVersion "1"]
[SourceVersionDate "1998.11.16"]
[SourceQuality "1"]

1. d4 e6 2. c4 c5 3. d5 exd5 4. Qxd5 Nf6 5. Qe5+ Be7 6. Bg5 Nc6 7. Qe3 0-0 8. Qc1 d5 9. cxd5 Nxd5 10. Bxe7 Qxe7 11. e3 Bf5 12. a3 Nd4 13. Bc4 Nc2+ 14. Ke2 Nb6 15. Nd2 Nxa1 16. Qxa1 Nxc4 17. Nxc4 Qe4 18. Nd2 Qd3+ 19. Ke1 Rad8 20. Ngf3 Rfe8 21. Qc1 b5 22. h3 a5 23. g4 Be4 24. Rg1 Bd5 25. h4 Rxe3+ 26. fxe3 Qxe3+ 27. Kd1 Bxf3+ 28. Kc2 Qd3# 0-1

[Event "Schwarzach op-B"]
[Site "Schwarzach"]
[Date "1997.08.28"]
[Round "6.5"]
[White "Hattinger, Walter"]
[Black "Wingender, Hans Peter"]
[Result "1/2-1/2"]
[WhiteElo "1715"]
[BlackElo "1894"]
[PlyCount "28"]
[EventDate "1997.08.23"]
[EventType "swiss"]
[EventRounds "9"]
[EventCountry "AUT"]
[SourceTitle "EXT 1999"]
[Source "ChessBase"]
[SourceDate "1998.11.16"]
[SourceVersion "1"]
[SourceVersionDate "1998.11.16"]
[SourceQuality "1"]

1. d4 Nf6 2. Nf3 e6 3. e3 b6 4. Be2 Be7 5. 0-0 0-0 6. a3 Bb7 7. b4 d6 8. Bb2 Nbd7 9. Nbd2 c5 10. c3 d5 11. dxc5 bxc5 12. bxc5 Nxc5 13. c4 Qa5 14. cxd5 Bxd5 1/2-1/2

[Event "Schwarzach op-B"]
[Site "Schwarzach"]
[Date "1997.08.??"]
[Round "5.8"]
[White "Reck, Bruno"]
[Black "Hattinger, Walter"]
[Result "1/2-1/2"]
[WhiteElo "1806"]
[BlackElo "1715"]
[PlyCount "30"]
[EventDate "1997.08.23"]
[EventType "swiss"]
[EventRounds "9"]
[EventCountry "AUT"]
[SourceTitle "EXT 1999"]
[Source "ChessBase"]
[SourceDate "1998.11.16"]
[SourceVersion "1"]
[SourceVersionDate "1998.11.16"]
[SourceQuality "1"]

1. d4 d5 2. Nf3 Nf6 3. c4 c6 4. e3 g6 5. Nc3 Bg7 6. Be2 0-0 7. 0-0 Re8 8. Qb3 e6 9. Qc2 Nbd7 10. e4 dxe4 11. Nxe4 Nxe4 12. Qxe4 e5 13. dxe5 Nxe5 14. Rd1 Nxf3+ 15. gxf3 Qxd1+ 1/2-1/2